Slovenské voľby '02 výsledky, dôsledky, súvislosti
Gespeichert in:
| Weitere Verfasser: | , , |
|---|---|
| Format: | Buch |
| Sprache: | Slowakisch |
| Veröffentlicht: |
Bratislava
IVO - Inštitút pre verejné otázky
2003
|
| Schriftenreihe: | Štúdie a názory
|
| Schlagworte: | |
| Tags: |
Keine Tags, Fügen Sie das erste Tag hinzu!
|
MARC
| LEADER | 00000nam a2200000 4500 | ||
|---|---|---|---|
| 001 | 0125379 | ||
| 005 | 20240104095006.5 | ||
| 020 | |a 80-88935-43-1 | ||
| 041 | 0 | |a slo | |
| 044 | |a SK | ||
| 245 | 1 | 0 | |a Slovenské voľby '02 |b výsledky, dôsledky, súvislosti |c Grigorij Mesežnikov, Oľga Gyárfášová, Miroslav Kollár editori |
| 264 | 1 | |a Bratislava |b IVO - Inštitút pre verejné otázky |c 2003 | |
| 300 | |a 262 s. | ||
| 490 | 1 | |a Štúdie a názory | |
| 830 | 0 | |a Štúdie a názory | |
| 610 | 2 | 0 | |a voľby |
| 610 | 2 | 0 | |a kampane volebné |
| 610 | 2 | 0 | |a strany politické |
| 610 | 2 | 0 | |a výsledky volebné |
| 610 | 2 | 0 | |a Slovensko |
| 610 | 2 | 0 | |a 2002 |
| 700 | 1 | |a Mesežnikov, Grigorij | |
| 700 | 1 | |a Gyárfášová, Oľga | |
| 700 | 1 | |a Kollár, Miroslav | |